Sports Quiz

Random Sports Quiz

NASCAR, Most 8th Place Finishes Quiz Stats

 Plays Quiz not verified by Sporcle

Challenge
Share
Tweet
Embed
Score 0/108 Timer 09:00
0 Plays Today
8th Place Finishes Driver % Correct
29Richard Petty
96.2%
31Kyle Petty
92.3%
17Lee Petty
92.3%
23Jeff Gordon
88.5%
14Dale Earnhardt Jr.
88.5%
34Dale Earnhardt
84.6%
31Rusty Wallace
84.6%
19Cecil Gordon
84.6%
16Darrell Waltrip
84.6%
12Jimmie Johnson
84.6%
11Michael Waltrip
84.6%
7Robby Gordon
84.6%
40Terry Labonte
80.8%
27Bobby Labonte
80.8%
21Matt Kenseth
80.8%
14Bobby Allison
80.8%
13Kyle Busch
80.8%
10Carl Edwards
80.8%
7Junior Johnson
80.8%
29Mark Martin
76.9%
21Tony Stewart
76.9%
21Kurt Busch
76.9%
17David Pearson
76.9%
36Ricky Rudd
73.1%
19Kevin Harvick
73.1%
19Jeff Burton
73.1%
17Benny Parsons
73.1%
16Ward Burton
73.1%
13Greg Biffle
73.1%
10Phil Parsons
73.1%
29Sterling Marlin
69.2%
20Geoffrey Bodine
69.2%
15Brett Bodine
69.2%
10Cale Yarborough
69.2%
10Denny Hamlin
69.2%
8Coo Coo Marlin
69.2%
8th Place Finishes Driver % Correct
27Bill Elliott
65.4%
19Ryan Newman
65.4%
18Ken Schrader
65.4%
13Clint Bowyer
65.4%
8Ernie Irvan
65.4%
7Alan Kulwicki
65.4%
7Fireball Roberts
65.4%
23Harry Gant
61.5%
22Buck Baker
61.5%
21Buddy Baker
61.5%
17Jabe Thomas
61.5%
15Dale Jarrett
61.5%
15Jamie McMurray
61.5%
11Ned Jarrett
61.5%
8Larry Thomas
61.5%
27Dave Marcis
57.7%
10Kasey Kahne
57.7%
9Bobby Hamilton
57.7%
8Juan Pablo Montoya
57.7%
7Derrike Cope
57.7%
17G.C. Spencer
53.8%
14Neil Bonnett
53.8%
13Joe Weatherly
53.8%
13Martin Truex Jr.
53.8%
10Jimmy Spencer
53.8%
12Lake Speed
50%
10Brian Vickers
50%
7Jeremy Mayfield
50%
22Morgan Shepherd
46.2%
8Joe Nemechek
46.2%
7Bobby Isaac
46.2%
7Ricky Craven
46.2%
10Rex White
42.3%
7David Ragan
42.3%
33James Hylton
38.5%
15Richard Childress
34.6%
8th Place Finishes Driver % Correct
10Ted Musgrave
34.6%
26Wendell Scott
30.8%
20J.D. McDuffie
26.9%
14Tiny Lund
26.9%
31Elmo Langley
23.1%
22Dick Brooks
23.1%
10Earl Brooks
23.1%
8George Green
23.1%
9Jody Ridley
19.2%
17Buddy Arrington
15.4%
16Jim Paschal
15.4%
7Lennie Pond
15.4%
7Darel Dieringer
15.4%
20John Sears
11.5%
12Jimmy Pardue
11.5%
9Johnny Allen
11.5%
7Ron Bouchard
11.5%
7Joe Millikan
11.5%
18Neil Castles
7.7%
11Bob Welborn
7.7%
10Herman Beam
7.7%
8Joe Eubanks
7.7%
8Elliott Salder
7.7%
7Gwyn Staley
7.7%
15Roy Tyner
3.8%
14Clyde Lynn
3.8%
13L.D. Austin
3.8%
13Bill Champion
3.8%
11Curtis Crider
3.8%
10E.J. Trivette
3.8%
9Friday Hassler
3.8%
8Bill Seifert
3.8%
8Ralph Liguori
3.8%
7Brownie King
3.8%
7David Sisco
3.8%
7Jim Vandiver
3.8%

You're not logged in!

Compare scores with friends on all Sporcle quizzes.
Join for Free
OR
Log In

You Might Also Like...

Show Comments

Extras

Top Quizzes Today


Score Distribution

Your Account Isn't Verified!

In order to create a playlist on Sporcle, you need to verify the email address you used during registration. Go to your Sporcle Settings to finish the process.

Report this User

Report this user for behavior that violates our Community Guidelines.

Details: